My NBA Top 100 (2025-26) - Statistics

General Stats
  • This quiz has been taken 106 times
    90 since last reset
  • The average score is 78 of 100
Answer Stats
Rank Team Answer % Correct
1 Nuggets Nikola Jokic
100%
2 Thunder Shai Gilgeous-Alexander
100%
3 Bucks Giannis Antetokounmpo
99%
4 Lakers Luka Doncic
99%
5 Spurs Victor Wembanyama
99%
7 Lakers Lebron James
96%
14 Warriors Stephen Curry
96%
10 Knicks Jalen Brunson
94%
13 Knicks Karl-Anthony Towns
94%
6 Timberwolves Anthony Edwards
93%
9 Pistons Cade Cunningham
93%
16 Suns Devin Booker
93%
8 Rockets Kevin Durant
93%
11 Cavaliers Donovan Mitchell
92%
17 Warriors Jimmy Butler
92%
15 Magic Paolo Banchero
92%
18 Hawks Trae Young
92%
32 76ers Tyrese Maxey
92%
21 Rockets Alperen Sengun
90%
12 Mavericks Anthony Davis
90%
22 Heat Bam Adebayo
90%
60 Pelicans Dejounte Murray
90%
33 Thunder Jalen Williams
90%
45 Nuggets Jamal Murray
90%
27 Clippers James Harden
90%
23 Grizzlies Ja Morant
90%
19 Celtics Jaylen Brown
90%
24 Pacers Pascal Siakam
90%
25 Pelicans Zion Williamson
90%
51 Bulls Coby White
89%
26 Spurs De’Aaron Fox
89%
44 Celtics Derrick White
89%
30 Magic Franz Wagner
89%
80 Pistons Jalen Duren
89%
31 76ers Joel Embiid
89%
20 Clippers Kawhi Leonard
89%
36 Hornets Lamelo Ball
89%
47 Thunder Chet Holmgren
87%
28 Cavaliers Evan Mobley
87%
40 Rockets Amen Thompson
86%
38 Heat Tyler Herro
86%
35 Kings Damontas Sabonis
85%
29 Grizzlies Jaren Jackson Jr.
85%
56 Cavaliers Jarrett Allen
85%
62 Lakers Austin Reaves
83%
37 Cavaliers Darius Garland
83%
39 Clippers Ivica Zubac
83%
53 Hawks Jalen Johnson
82%
42 Timberwolves Julius Randle
82%
34 Raptors Scottie Barnes
82%
74 Nuggets Aaron Gordon
80%
79 Nuggets Cameron Johnson
80%
55 Knicks Josh Hart
80%
50 Knicks Mikal Bridges
80%
66 Hornets Miles Bridges
80%
91 Spurs Stephon Castle
80%
63 Raptors Brandon Ingram
79%
57 Kings DeMar DeRozan
79%
46 Jazz Lauri Markkanen
79%
54 Kings Zach Lavine
79%
49 Knicks OG Anunoby
77%
73 Suns Jalen Green
76%
77 Timberwolves Rudy Gobert
75%
78 Thunder Lugentz Dort
73%
59 Bulls Nikola Vucevic
73%
61 Raptors RJ Barrett
73%
41 Hawks Dyson Daniels
72%
58 Bulls Josh Giddey
72%
52 Hawks Kristaps Porzingis
72%
70 Bucks Myles Turner
72%
48 Trailblazers Deni Avdija
70%
43 Magic Desmond Bane
70%
65 Magic Jalen Suggs
70%
64 Nets Cam Thomas
69%
99 Trailblazers Jrue Holiday
69%
93 Pacers Andrew Nembhard
66%
75 Nuggets Christian Braun
65%
90 Wizards CJ McCollum
65%
82 Thunder Isaiah Hartenstein
65%
88 Timberwolves Jaden McDaniels
65%
84 Heat Andrew Wiggins
63%
69 Hornets Brandon Miller
63%
96 Celtics Payton Pritchard
62%
68 Mavericks Daniel Gafford
59%
87 Spurs Devin Vassell
59%
97 Rockets Jabari Smith Jr.
58%
76 Pelicans Trey Murphy III
56%
67 Pelicans Jordan Poole
55%
92 Timberwolves Naz Reid
55%
85 Trailblazers Shaedon Sharpe
55%
86 Clippers Bradley Beal
54%
83 Pistons Jaden Ivey
52%
98 Nets Nic Claxton
52%
89 Heat Norman Powell
52%
81 Pistons Tobias Harris
52%
100 Pacers Benedict Mathurin
45%
95 Hawks Onyeka Okongwu
45%
94 Warriors Jonathan Kuminga
42%
71 Trailblazers Toumani Camara
39%
72 76ers Quentin Grimes
34%
No matching quizzes found
Score Distribution
Percent of People with Each Score
Percentile by Number Answered
Your Score History
You have not taken this quiz since the last reset